000 00580nam a2200217Ia 4500
003 GCL
008 140319s9999 xx 000 0 eng d
040 _aGCL /
_cGCL
082 0 4 _a634.6
_bY I
100 1 _aYOUDEOWEI, ANTHONY
245 1 0 _aINTRODUCTION TO TROPICAL AGRICULTURE /
_cYOUDEOWEI, ANTHONY
700 1 _aEZEDINMA, F.O.C.
700 1 _aONAZI,OCHAPA C.
260 _a[S.N] :
_bELBS LONGMAN ،
_c1986
300 _a344 P
650 0 4 _aTROPICAL CROPS
650 0 4 _aAGRICULTURE
650 0 4 _aAGRICULTURAL DEVELOPMENT
650 0 4 _aANIMAL HEALTH
942 _2ddc
_cBK
999 _c20352
_d20352